000 00799nam a2200277Ia 4500
003 OSt
005 20220926034425.0
006 a|||||r|||| 00| 0
007 ta
008 220923b |||||||| |||| 00| 0 eng d
020 _a0915707306
037 _cGeneral Book
040 _aRTL
_cRTL
_beng
041 _2eng
_aeng
082 _aX9(H1), M7
100 _aEggert Roderick G
_9340573
245 0 _aMetallic mineral exploration
_b An economic analysis
260 _aWashington
_bResources for the Future
_c1987
300 _a90p
_ccm.
490 _aResources fo the Future
500 _aBibliography chapterwise
650 _a Minerology
_9255645
650 _aIndustrial Economics
942 _hX9(H1), M7
_cGB
_2CC
999 _c659445
_d659445